Loading...
Tourism Management
| Hovedforfatter: | |
|---|---|
| Format: | Printed Book |
| Sprog: | Undetermined |
| Udgivet: |
NewDelhi
Anmol
2006
|
| LEADER | 00436nam a2200133Ia 4500 | ||
|---|---|---|---|
| 008 | 141017s9999 xx 000 0 und d | ||
| 020 | |a 81-261-2693-0 | ||
| 082 | |a 338.479SAN | ||
| 100 | |a Sangar,JP | ||
| 245 | |a Tourism Management | ||
| 260 | |b Anmol |a NewDelhi |c 2006 | ||
| 300 | |a 356p. | ||
| 999 | |c 112676 |d 112676 | ||
| 952 | |0 0 |1 0 |4 0 |6 338_000000000000000_479SAN |7 0 |9 109408 |a STS |b STS |d 2011-03-24 |l 1 |o 338.479SAN |p STS336 |r 2016-06-30 |s 2016-06-29 |w 2014-10-17 |y BK | ||